000 00474nam a2200169Ia 4500
999 _c35540
_d35540
003 OSt
005 20201216115216.0
008 190216s9999||||xx |||||||||||||| ||und||
040 _coclc
082 _a621.384
_bJAI/P
100 _aJain, G C
_97578
245 0 _aPopular Radio Circuits /
_cG C Jain
260 _bBusiness Promotion Bureau,
_c1982.
_aDelhi:
300 _a67p
650 _aPhysics
942 _cREF
_2ddc
_h621.384
_iJAI/P
_k621.384
_mJAI/P